00592 2200193 4500001002100000005001500021035002000036007000300056008004100059020000600100082001100106084001700117100001600134245008700150250002200237260006700259300005200326650002000378INLIS00000000000152420250709024711 a0010-0725000037ta250709 g 0 ind  a- a320.05 a320.05 DAT g0 aDatu Jamlus1 aGempar: Empat 'Srikandi' Dewan Janjikan Kemajuan /cDatu Jamlus (Penanggung Jawab) aEdisi XXIV - 2019 aTanjung Selor - Kabupaten Bulungan :bDPRD Kab.Bulungan,c2019 a30 Halaman :bIlustrasi Berwarna; teks ;c29 cm 4aMajalah Politik